00309nam a22001097a 450000500170000002000180001708200170003510000170005224500670006926000490013630000140018520250916152725.0 a9789363367593 a338.74 DUB/P aDubey,Sheela aThe public sector and privatization in India/cby Sheela Dubey a. -New Delhib: Speaking Tiger Booksc, 2024 a271 pages